[Event "60. BEM 2006"]
[Site "Dortmund"]
[Date "2006.03.16"]
[Round "6.18"]
[White "Werner, Patrick"]
[Black "Stiebel, Erhard"]
[Result "1-0"]
[WhiteElo "1691"]
[BlackElo "1548"]
[PlyCount "53"]
[EventDate "2006.??.??"]
[Source "SG Dortmund"]
[SourceDate "2004.12.16"]

1. e4 d5 2. exd5 Qxd5 3. Nc3 Qa5 4. d4 c6 5. Bc4 Nf6 6. Qe2 Bg4 7. f3 Bh5 8.
Nh3 Nbd7 9. Bd2 Qb6 10. O-O-O O-O-O 11. Be3 e6 12. Kb1 Ba3 13. Bb3 Bd6 14. d5
Qc7 15. dxc6 bxc6 16. Qa6+ Kb8 17. Rxd6 Nb6 18. Rxd8+ Rxd8 19. Bxb6 axb6 20.
Qe2 Bg6 21. Re1 Kb7 22. g3 h6 23. Nf2 Nd7 24. Rd1 Re8 25. Nfe4 Re7 26. Nd6+ Ka7
27. Ndb5+ 1-0

[Event "60. BEM 2006"]
[Site "Dortmund"]
[Date "2006.03.16"]
[Round "6.20"]
[White "Ziemek, Gerhard"]
[Black "Gennat, Egon L"]
[Result "1-0"]
[WhiteElo "1591"]
[BlackElo "1380"]
[PlyCount "101"]
[EventDate "2006.??.??"]
[Source "SG Dortmund"]
[SourceDate "2004.12.16"]

1. d4 Nf6 2. Nc3 e6 3. e4 d5 4. Bd3 Bb4 5. Bg5 Nbd7 6. e5 h6 7. Bd2 Bxc3 8.
Bxc3 Ng8 9. Ne2 Ne7 10. O-O c5 11. Bb5 Qb6 12. a4 a6 13. dxc5 Qxc5 14. b4 Qc7
15. Bxd7+ Bxd7 16. Ra3 Ng6 17. Qd4 Rc8 18. f4 Ne7 19. Qd3 Nf5 20. g4 Qb6+ 21.
Kh1 Ne3 22. Rg1 Nc4 23. Raa1 Bc6 24. Nd4 Qc7 25. b5 Bd7 26. Rg3 Qd8 27. Re1 Qb6
28. f5 axb5 29. axb5 Na3 30. fxe6 Bxe6 31. Bb4 Nc4 32. c3 Ra8 33. Nf5 Rg8 34.
Nd4 Rh8 35. g5 Ra2 36. g6 Rf2 37. gxf7+ Bxf7 38. e6 Bh5 39. Rxg7 Rhf8 40. Re7+
Kd8 41. Rd7+ Kc8 42. Bxf8 Rxf8 43. Qh3 Bg6 44. e7 Be4+ 45. Rxe4 Rf1+ 46. Kg2
Qg6+ 47. Kxf1 Nd2+ 48. Ke1 Qxe4+ 49. Kxd2 Qf4+ 50. Kc2 Qe4+ 51. Kb2 1-0

[Event "60. BEM 2006"]
[Site "Dortmund"]
[Date "2006.03.16"]
[Round "6.21"]
[White "Gegner, Michael"]
[Black "Orlowski, Wilfried"]
[Result "1-0"]
[WhiteElo "1412"]
[BlackElo "1590"]
[PlyCount "63"]
[EventDate "2006.??.??"]
[Source "SG Dortmund"]
[SourceDate "2004.12.16"]

1. d4 Nf6 2. Nc3 e6 3. e4 d5 4. e5 Nfd7 5. Nce2 c5 6. c3 cxd4 7. cxd4 Nc6 8. f4
Bb4+ 9. Bd2 Qa5 10. Nf3 Bxd2+ 11. Qxd2 Nb4 12. Nc3 a6 13. Be2 Nc6 14. O-O h6
15. a3 O-O 16. g4 f5 17. g5 g6 18. gxh6 Re8 19. Qe1 Nf8 20. Qg3 Qd8 21. h4 Kh7
22. Ng5+ Kg8 23. h5 Nxd4 24. h7+ Nxh7 25. Nxh7 Nxe2+ 26. Nxe2 Kxh7 27. Qxg6+
Kh8 28. Qh6+ Kg8 29. Rf2 Qb6 30. Kf1 Re7 31. Rg2+ Kf7 32. Qg6+ 1-0

[Event "60. BEM 2006"]
[Site "Dortmund"]
[Date "2006.03.16"]
[Round "6.22"]
[White "Jentzsch, Werner Wilfried"]
[Black "Klein, Hans-Joachim"]
[Result "0-1"]
[WhiteElo "1429"]
[BlackElo "1781"]
[PlyCount "76"]
[EventDate "2006.??.??"]
[Source "SG Dortmund"]
[SourceDate "2004.12.16"]

1. d4 d5 2. c4 Bf5 3. Nc3 e6 4. e3 Nc6 5. Nf3 Nb4 6. Qa4+ c6 7. e4 dxe4 8. c5
Nc2+ 9. Qxc2 exf3 10. Qd2 fxg2 11. Bxg2 Nf6 12. Ne2 Qc7 13. Qf4 Qxf4 14. Nxf4
O-O-O 15. Be3 h6 16. b4 g5 17. Ne2 Bg7 18. O-O Ne4 19. f3 Nf6 20. a4 Nd5 21.
Bd2 Bd3 22. Kf2 Bxe2 23. Kxe2 Bxd4 24. Ra3 Be5 25. b5 Bf4 26. Be1 Bxh2 27. Rh1
Be5 28. bxc6 Nf4+ 29. Kf2 bxc6 30. Bf1 Bd4+ 31. Kg3 f5 32. Ba6+ Kd7 33. Ba5 Rb8
34. Rd1 e5 35. Re3 Rb2 36. Bf1 h5 37. Bd2 h4+ 38. Kf2 Nd5 0-1

[Event "60. BEM 2006"]
[Site "Dortmund"]
[Date "2006.03.16"]
[Round "6.23"]
[White "Schaefer, Ulrich"]
[Black "Sennholz, Michael"]
[Result "1-0"]
[WhiteElo "1412"]
[BlackElo "1674"]
[PlyCount "55"]
[EventDate "2006.??.??"]
[Source "SG Dortmund"]
[SourceDate "2004.12.16"]

1. e4 e5 2. Nf3 Nf6 3. Nc3 Nc6 4. Bb5 Bb4 5. d3 Nd4 6. Ba4 b5 7. Bb3 d6 8. O-O
Bg4 9. Nd5 Nxd5 10. Bxd5 c6 11. c3 Bxf3 12. gxf3 cxd5 13. cxd4 O-O 14. f4 exf4
15. Bxf4 f5 16. Qf3 fxe4 17. Qg3 Qf6 18. Be3 Qe6 19. a3 Rf3 20. Qh4 Rh3 21. Qg5
h6 22. Qg2 Rf8 23. Kh1 Ba5 24. Rg1 Qd7 25. dxe4 dxe4 26. Qg6 Rf6 27. Qxf6 Bd8
28. Qg6 1-0

[Event "60. BEM 2006"]
[Site "Dortmund"]
[Date "2006.03.16"]
[Round "6.24"]
[White "Noori, Mir Ahmad"]
[Black "Krüger, Inge"]
[Result "1-0"]
[WhiteElo "1639"]
[BlackElo "1351"]
[PlyCount "77"]
[EventDate "2006.??.??"]
[Source "SG Dortmund"]
[SourceDate "2004.12.16"]

1. d4 d5 2. b3 Nf6 3. Nf3 e6 4. Bb2 Be7 5. e3 O-O 6. Be2 Nbd7 7. O-O c6 8. a3
Re8 9. Nbd2 Nf8 10. c4 b6 11. b4 Bb7 12. c5 bxc5 13. dxc5 a5 14. Bc3 axb4 15.
axb4 Rxa1 16. Qxa1 Qa8 17. Qb2 Qc8 18. Nb3 h6 19. h3 N8h7 20. Na5 Ba6 21. Ra1
Bxe2 22. Qxe2 Ne4 23. Bd4 Bf6 24. Bxf6 Nhxf6 25. Nd4 Qa8 26. Ndxc6 Kf8 27. Qb2
Rc8 28. Nd4 Qb8 29. c6 e5 30. Nf3 Re8 31. b5 Qb6 32. Nb7 Nc5 33. Qb4 Nfe4 34.
Ra6 Qc7 35. Nxc5 Kg8 36. Nxe4 dxe4 37. Qxe4 f6 38. Qc4+ Kh8 39. b6 1-0

[Event "60. BEM 2006"]
[Site "Dortmund"]
[Date "2006.03.16"]
[Round "6.25"]
[White "Rzoczek, Christoph"]
[Black "Sölbrandt, Robin"]
[Result "1-0"]
[WhiteElo "1577"]
[BlackElo "1336"]
[PlyCount "69"]
[EventDate "2006.??.??"]
[Source "SG Dortmund"]
[SourceDate "2004.12.16"]

1. e4 e5 2. Nf3 Nc6 3. d4 exd4 4. Nxd4 Bc5 5. Be3 Qf6 6. c3 Nge7 7. Bc4 d6 8.
O-O O-O 9. Na3 Qg6 10. f3 Ne5 11. Bb3 Bh3 12. Qe2 Kh8 13. Kh1 Bd7 14. Bc2 f5
15. exf5 Bxf5 16. Nxf5 Nxf5 17. Bxc5 dxc5 18. Qxe5 Rae8 19. Qxc5 Qh5 20. Bxf5
Rxf5 21. Qf2 Qg5 22. Rae1 Rd8 23. Nc4 b5 24. Ne3 Re5 25. Ng4 Rxe1 26. Qxe1 h6
27. Qe5 Qd2 28. h4 Rd6 29. Qe8+ Kh7 30. Qxb5 Rg6 31. h5 Rg5 32. Qe8 Qd5 33. Qe7
Rxh5+ 34. Kg1 Qc4 35. Nf6+ 1-0

[Event "60. BEM 2006"]
[Site "Dortmund"]
[Date "2006.03.16"]
[Round "6.26"]
[White "Baier, Jörg"]
[Black "Zabel, Reinhard"]
[Result "1/2-1/2"]
[WhiteElo "1388"]
[BlackElo "1466"]
[PlyCount "61"]
[EventDate "2006.??.??"]
[Source "SG Dortmund"]
[SourceDate "2004.12.16"]

1. d4 d5 2. c4 e6 3. Nc3 Nf6 4. Bg5 Be7 5. e3 O-O 6. Nf3 b6 7. cxd5 exd5 8. Be2
Bb7 9. O-O Nbd7 10. Rc1 Ne4 11. Bxe7 Qxe7 12. Qc2 Nxc3 13. Qxc3 c6 14. Bd3 Rac8
15. Bb1 Rfe8 16. Qc2 g6 17. Rfe1 a5 18. Qb3 Qb4 19. Ng5 Qxb3 20. axb3 Nf6 21.
Nf3 Ne4 22. Bd3 f6 23. Ra1 Ra8 24. Bxe4 dxe4 25. Nd2 b5 26. Rec1 f5 27. Rc5
Red8 28. Rac1 Rac8 29. Nb1 Kf7 30. Kf1 Rd5 31. Rxd5 1/2-1/2

[Event "60. BEM 2006"]
[Site "Dortmund"]
[Date "2006.03.16"]
[Round "6.29"]
[White "Grawe, Herbert"]
[Black "Fahle, Karl-Wilhelm"]
[Result "1-0"]
[WhiteElo "1477"]
[BlackElo "1185"]
[PlyCount "119"]
[EventDate "2006.??.??"]
[Source "SG Dortmund"]
[SourceDate "2004.12.16"]

1. Nc3 d5 2. e4 e6 3. a3 dxe4 4. Nxe4 Nf6 5. Ng3 b6 6. Bc4 Ba6 7. Ba2 Bb7 8.
Nf3 Bd6 9. d3 c5 10. O-O O-O 11. Bg5 h6 12. Bh4 Nbd7 13. Ne4 Bxe4 14. dxe4 Qc7
15. Qe1 Ng4 16. Bg3 Bxg3 17. fxg3 Nge5 18. Nh4 Nf6 19. h3 Rad8 20. Qe3 Nh7 21.
Nf3 Nc6 22. e5 Qe7 23. c3 Rd7 24. Rf2 Rfd8 25. Bc4 Na5 26. Bb5 Rd1+ 27. Rxd1
Rxd1+ 28. Kh2 c4 29. h4 Rd3 30. Qf4 Nb3 31. Bxc4 g5 32. hxg5 hxg5 33. Nxg5 Nxg5
34. Bxd3 Nc5 35. Bc2 Kf8 36. b4 Nd7 37. Kh1 Ke8 38. Ba4 a6 39. b5 Nc5 40. bxa6+
Nxa4 41. Qxa4+ Qd7 42. Qxd7+ Kxd7 43. a7 Kc6 44. a8=Q+ Kb5 45. Rb2+ Kc4 46.
Qc6+ Kd3 47. Rxb6 Ke3 48. a4 Ne4 49. Kh2 Ng5 50. a5 Ne4 51. a6 Nxc3 52. Qxc3+
Ke4 53. a7 f6 54. a8=Q+ Kf5 55. exf6 e5 56. f7 e4 57. f8=Q+ Kg5 58. Qcf6+ Kg4
59. Qxe4+ Kh5 60. Qef5# 1-0

[Event "60. BEM 2006"]
[Site "Dortmund"]
[Date "2006.03.16"]
[Round "6.30"]
[White "Wilms, Christoph"]
[Black "Bötzel, Sascha"]
[Result "1-0"]
[WhiteElo "1526"]
[BlackElo "1300"]
[PlyCount "59"]
[EventDate "2006.??.??"]
[Source "SG Dortmund"]
[SourceDate "2004.12.16"]

1. d4 d5 2. c4 e6 3. Nc3 Nf6 4. Bg5 Nbd7 5. Nf3 c6 6. e3 Qa5 7. Nd2 Bb4 8. Qc2
O-O 9. cxd5 exd5 10. Bd3 Re8 11. O-O Bxc3 12. bxc3 Qc7 13. c4 dxc4 14. Bxc4 Qa5
15. Bf4 Nb6 16. Be2 Nbd5 17. Be5 Qc3 18. Qxc3 Nxc3 19. Bc4 Nfe4 20. Nxe4 Nxe4
21. Bd3 Bf5 22. f3 f6 23. fxe4 fxe5 24. Rxf5 exd4 25. exd4 Rad8 26. d5 cxd5 27.
exd5 Re3 28. Bc4 Rc3 29. Bb3 Rf8 30. d6+ 1-0

[Event "60. BEM 2006"]
[Site "Dortmund"]
[Date "2006.03.16"]
[Round "6.31"]
[White "Sroka, Andreas"]
[Black "Schrimpl, Michael"]
[Result "0-1"]
[WhiteElo "1342"]
[BlackElo "1497"]
[PlyCount "72"]
[EventDate "2006.??.??"]
[Source "SG Dortmund"]
[SourceDate "2004.12.16"]

1. Nf3 Nf6 2. c4 e6 3. g3 d5 4. Bg2 c5 5. cxd5 exd5 6. d4 c4 7. O-O Nc6 8. a3
Be7 9. Nc3 a6 10. Qc2 O-O 11. Bf4 Bd6 12. Bxd6 Qxd6 13. Rad1 Re8 14. Rfe1 b5
15. Nd2 Nxd4 16. Qb1 Bf5 17. e4 dxe4 18. Ndxe4 Nxe4 19. Nxe4 Bxe4 20. Rxe4 Rxe4
21. Qxe4 Rd8 22. Kf1 Qf6 23. Ke1 g6 24. f4 Kf8 25. Kf2 Qb6 26. Qb7 Qc5 27. Kf1
c3 28. bxc3 Qc4+ 29. Kg1 Ne2+ 30. Kf2 Rxd1 31. Qb8+ Kg7 32. Qe5+ f6 33. Qe7+
Qf7 34. Qxe2 Ra1 35. Qd3 Rxa3 36. Ke3 b4 0-1

[Event "60. BEM 2006"]
[Site "Dortmund"]
[Date "2006.03.16"]
[Round "6.32"]
[White "Hast, Stefan"]
[Black "Pachura, Karl-Heinz"]
[Result "1/2-1/2"]
[WhiteElo "1169"]
[BlackElo "1309"]
[PlyCount "56"]
[EventDate "2006.??.??"]
[Source "SG Dortmund"]
[SourceDate "2004.12.16"]

1. e4 c6 2. d4 d5 3. Nc3 dxe4 4. Nxe4 Nd7 5. Bc4 Ngf6 6. Qf3 e6 7. Ne2 Nxe4 8.
Qxe4 Nf6 9. Qd3 Bd6 10. Bf4 a5 11. a3 Qc7 12. Bxd6 Qxd6 13. O-O O-O 14. b4 b5
15. Bb3 a4 16. Ba2 Re8 17. f4 Bb7 18. Nc3 Rad8 19. Rad1 Re7 20. Ne4 Nxe4 21.
Qxe4 Red7 22. c3 Qc7 23. Bb1 g6 24. Qe5 Qxe5 25. fxe5 Kg7 26. Rf6 Rf8 27. Rdf1
Rdd8 28. R1f2 Bc8 1/2-1/2

[Event "60. BEM 2006"]
[Site "Dortmund"]
[Date "2006.03.16"]
[Round "6.35"]
[White "Müller, Michaela"]
[Black "Schoppe, Hans-Werner"]
[Result "0-1"]
[WhiteElo "1098"]
[BlackElo "1267"]
[PlyCount "30"]
[EventDate "2006.??.??"]
[Source "SG Dortmund"]
[SourceDate "2004.12.16"]

1. d4 d5 2. e4 c6 3. Nc3 Nf6 4. e5 Nfd7 5. Nf3 e6 6. Bd3 a6 7. O-O b5 8. a3 c5
9. dxc5 Bxc5 10. b4 Bb6 11. Qe2 Nc6 12. Kh1 Qc7 13. Be3 d4 14. Bxd4 Nxd4 15.
Ne4 Nxe2 0-1

[Event "60. BEM 2006"]
[Site "Dortmund"]
[Date "2006.03.20"]
[Round "7.1"]
[White "Goldschmidt, Christian"]
[Black "Tkachuk, Konstantyn"]
[Result "1-0"]
[WhiteElo "2085"]
[BlackElo "1927"]
[PlyCount "47"]
[EventDate "2006.??.??"]
[Source "SG Dortmund"]
[SourceDate "2004.12.16"]

1. e4 e5 2. Nf3 Nc6 3. Bc4 Nf6 4. d3 d5 5. exd5 Nxd5 6. Nc3 Bb4 7. O-O Be6 8.
Ng5 Nxc3 9. bxc3 Bxc4 10. cxb4 Ba6 11. Rb1 b5 12. Nxf7 Kxf7 13. a4 Re8 14. axb5
Bxb5 15. c4 Ba6 16. b5 Bb7 17. bxc6 Bxc6 18. Be3 Kg8 19. Qd2 a5 20. f4 exf4 21.
Rxf4 a4 22. Rbf1 Qe7 23. Bd4 Qe2 24. Rf8+ 1-0

[Event "60. BEM 2006"]
[Site "Dortmund"]
[Date "2006.03.20"]
[Round "7.2"]
[White "Begna, Bozidar"]
[Black "Tkachuk, Sergiy"]
[Result "0-1"]
[WhiteElo "2002"]
[BlackElo "2068"]
[PlyCount "52"]
[EventDate "2006.??.??"]
[Source "SG Dortmund"]
[SourceDate "2004.12.16"]

1. e4 c5 2. Nf3 d6 3. Bb5+ Nc6 4. Bxc6+ bxc6 5. O-O e5 6. c3 f5 7. exf5 Bxf5 8.
d4 e4 9. Re1 Be7 10. Ng5 Nf6 11. f3 d5 12. fxe4 Nxe4 13. Nxe4 dxe4 14. Be3 cxd4
15. cxd4 O-O 16. Nc3 Bd6 17. Rc1 Qh4 18. g3 Bxg3 19. Re2 Bxh2+ 20. Rxh2 Qg3+
21. Rg2 Qxe3+ 22. Kh1 Bh3 23. Rg1 Qf3+ 24. Kh2 Qf2+ 25. Kh1 Qh4 26. Qe1 Rf2 0-1

[Event "60. BEM 2006"]
[Site "Dortmund"]
[Date "2006.03.20"]
[Round "7.3"]
[White "Borjini, Mohamed"]
[Black "Eismont, Igor"]
[Result "0-1"]
[WhiteElo "1979"]
[BlackElo "2239"]
[PlyCount "68"]
[EventDate "2006.??.??"]
[Source "SG Dortmund"]
[SourceDate "2004.12.16"]

1. d4 d6 2. Nf3 Bg4 3. e4 Nd7 4. Be2 e5 5. O-O Be7 6. Be3 Bxf3 7. Bxf3 Bg5 8.
Qd2 Bxe3 9. Qxe3 Ngf6 10. Nc3 O-O 11. Be2 Re8 12. f4 c6 13. fxe5 dxe5 14. d5
Qb6 15. Qxb6 axb6 16. a3 Nc5 17. Bf3 Na4 18. Nxa4 Rxa4 19. dxc6 bxc6 20. Rad1
Kf8 21. Rfe1 Ke7 22. Kf2 g5 23. g3 h5 24. Ke3 h4 25. gxh4 g4 26. Bg2 Rh8 27.
Kf2 Rxh4 28. Kg3 Rh6 29. Rd2 Ra8 30. Rh1 Rg8 31. Kf2 Rgh8 32. Kg3 Nh5+ 33. Kxg4
Rf6 34. Rf1 Nf4 0-1

[Event "60. BEM 2006"]
[Site "Dortmund"]
[Date "2006.03.20"]
[Round "7.4"]
[White "Hartung, Thomas"]
[Black "Mrozinski, Werner"]
[Result "1-0"]
[WhiteElo "1866"]
[BlackElo "1899"]
[PlyCount "47"]
[EventDate "2006.??.??"]
[Source "SG Dortmund"]
[SourceDate "2004.12.16"]

1. e4 d5 2. exd5 Qxd5 3. Nc3 Qd8 4. d4 g6 5. Bc4 Bg7 6. Be3 Nf6 7. Nf3 O-O 8.
Qd2 Ng4 9. O-O-O Nxe3 10. Qxe3 a6 11. Ne5 e6 12. h4 b5 13. Bb3 Bb7 14. h5 g5
15. h6 Bf6 16. Ne4 a5 17. c3 a4 18. Bc2 Be7 19. Rh5 f6 20. Nxg5 fxg5 21. Qd3
Rf5 22. g4 Qf8 23. gxf5 exf5 24. Qxb5 1-0

[Event "60. BEM 2006"]
[Site "Dortmund"]
[Date "2006.03.20"]
[Round "7.5"]
[White "Naundorf, Maik"]
[Black "Zelt, Jens"]
[Result "0-1"]
[WhiteElo "2061"]
[BlackElo "2036"]
[PlyCount "118"]
[EventDate "2006.??.??"]
[Source "SG Dortmund"]
[SourceDate "2004.12.16"]

1. Nf3 b6 2. e4 c5 3. d4 cxd4 4. Nxd4 Bb7 5. Nc3 Nc6 6. Nxc6 dxc6 7. Bf4 e6 8.
a3 Ne7 9. h4 Ng6 10. Bg3 e5 11. h5 Nf4 12. Qxd8+ Rxd8 13. Bxf4 exf4 14. Ne2 Bd6
15. O-O-O g5 16. f3 h6 17. Nc3 Ke7 18. Bd3 Be5 19. Nb1 Bc8 20. Nd2 f6 21. Nc4
Be6 22. Nxe5 fxe5 23. g4 fxg3 24. Rdg1 Rhf8 25. Rxg3 Rf4 26. Kd2 Rdf8 27. Ke3
Kf6 28. Be2 Rd8 29. Rgg1 Bf7 30. Rh2 Ke7 31. Rhh1 Rf6 32. Rc1 Rfd6 33. Bd3 Rd4
34. Rb1 c5 35. Rbc1 a5 36. Ra1 c4 37. Be2 Kd7 38. c3 Rd6 39. Rad1 Kc6 40. Rxd6+
Rxd6 41. Rh2 Rf6 42. Kf2 Kc5 43. Rh1 Rd6 44. Ke3 b5 45. Rh2 b4 46. axb4+ axb4
47. Rh1 bxc3 48. bxc3 Ra6 49. Rd1 Be6 50. Rd8 Ra3 51. Re8 Kd6 52. Rh8 Rxc3+ 53.
Kd2 Ra3 54. Rxh6 Ke7 55. Rg6 c3+ 56. Kc1 Bb3 57. Ra6 Ba4 58. Ra7+ Kd6 59. Ra6+
Kc5 0-1

[Event "60. BEM 2006"]
[Site "Dortmund"]
[Date "2006.03.20"]
[Round "7.6"]
[White "Zimmermann, Dirk"]
[Black "Grewe, Markus"]
[Result "1-0"]
[WhiteElo "2006"]
[BlackElo "1751"]
[PlyCount "45"]
[EventDate "2006.??.??"]
[Source "SG Dortmund"]
[SourceDate "2004.12.16"]

1. c4 c5 2. g3 e6 3. Nf3 d5 4. cxd5 exd5 5. Bg2 Nf6 6. O-O Nc6 7. b3 Bf5 8. Bb2
Be7 9. d4 O-O 10. dxc5 Bxc5 11. Nbd2 Ng4 12. Nh4 Bg6 13. Bh3 Nxf2 14. Rxf2
Bxf2+ 15. Kxf2 Qb6+ 16. Kg2 Nb4 17. Nxg6 fxg6 18. Nf3 Rad8 19. Qd4 Qf6 20. Qd2
Qb6 21. Bd4 Qd6 22. Rc1 b6 23. Be5 1-0

[Event "60. BEM 2006"]
[Site "Dortmund"]
[Date "2006.03.20"]
[Round "7.7"]
[White "Barskij, Aleksandr"]
[Black "Rölz, Marcus"]
[Result "1-0"]
[WhiteElo "1891"]
[BlackElo "1674"]
[PlyCount "72"]
[EventDate "2006.??.??"]
[Source "SG Dortmund"]
[SourceDate "2004.12.16"]

1. e4 e5 2. Nf3 Nf6 3. Nxe5 d6 4. Nf3 Nxe4 5. Nc3 Nxc3 6. dxc3 Be7 7. Bf4 Nc6
8. Qd2 O-O 9. O-O-O Be6 10. h3 Na5 11. b3 Nc6 12. Bd3 a5 13. Kb1 a4 14. b4 Ne5
15. Bxe5 dxe5 16. Nxe5 c5 17. Qe3 Qc7 18. f4 f6 19. Nf3 Bf7 20. a3 Bd6 21.
Bxh7+ Kh8 22. Bd3 cxb4 23. Qf2 Bxf4 24. Qh4+ Bh6 25. Qxb4 Rfe8 26. Rhe1 Qc6 27.
Rxe8+ Rxe8 28. Bb5 Qe6 29. c4 Re7 30. Rd8+ Kh7 31. Qd6 Qe2 32. Qd3+ Bg6 33.
Qxe2 Rxe2 34. Nd4 Rd2 35. Ne6 Rxc2 36. Nf8+ Kg8 1-0

[Event "60. BEM 2006"]
[Site "Dortmund"]
[Date "2006.03.20"]
[Round "7.8"]
[White "Zeldin, Vitali"]
[Black "Ewers, Christian"]
[Result "1-0"]
[WhiteElo "1886"]
[BlackElo "1662"]
[PlyCount "105"]
[EventDate "2006.??.??"]
[Source "SG Dortmund"]
[SourceDate "2004.12.16"]

1. e4 c5 2. Nf3 d6 3. d4 cxd4 4. Nxd4 Nf6 5. Nc3 a6 6. f3 e6 7. Be3 Be7 8. Qd2
d5 9. e5 Nfd7 10. f4 Nc6 11. O-O-O O-O 12. g4 Bb4 13. g5 Qa5 14. Nb3 Bxc3 15.
bxc3 Qxa2 16. Qf2 b6 17. Bd3 Na5 18. Nxa5 Qxa5 19. Kb2 Nc5 20. Ra1 Na4+ 21. Kc1
Bd7 22. Bd4 Rac8 23. Kd2 Bb5 24. Rhb1 Rc6 25. Bxb5 axb5 26. Rb3 Rfc8 27. Raa3
b4 28. Rxb4 Nxc3 29. Rxa5 Ne4+ 30. Ke3 Nxf2 31. Ra7 Rxc2 32. Rxb6 Ng4+ 33. Kd3
Rc1 34. Bb2 Nf2+ 35. Ke2 R1c2+ 36. Kf3 Ne4 37. Rbb7 Rf2+ 38. Ke3 Rxh2 39. Rc7
Rb8 40. Rab7 Re8 41. Rxf7 g6 42. Rg7+ Kh8 43. Bd4 Rc8 44. Rgc7 Ra8 45. Ba7 Rh3+
46. Kd4 Rf3 47. Rxh7+ Kg8 48. Rhg7+ Kh8 49. Rxg6 Rxf4 50. Rh6+ Kg8 51. Ke3 Raf8
52. Rxe6 Rf3+ 53. Kd4 1-0

[Event "60. BEM 2006"]
[Site "Dortmund"]
[Date "2006.03.20"]
[Round "7.9"]
[White "Kolodziej, Dennis"]
[Black "Iwannek, Ralf"]
[Result "1-0"]
[WhiteElo "1727"]
[BlackElo "1808"]
[PlyCount "57"]
[EventDate "2006.??.??"]
[Source "SG Dortmund"]
[SourceDate "2004.12.16"]

1. e4 e6 2. d4 d5 3. Nc3 dxe4 4. Nxe4 Nf6 5. Nxf6+ Qxf6 6. Nf3 h6 7. Bd3 Bd6 8.
Qe2 a6 9. Bd2 Nc6 10. c3 e5 11. Qe4 g6 12. g4 Qg7 13. O-O-O f5 14. Qe2 Kd8 15.
gxf5 exd4 16. fxg6 Bg4 17. Qe4 Bxf3 18. Qxf3 Ne5 19. Qh3 Nxd3+ 20. Qxd3 Rg8 21.
Rdg1 dxc3 22. Bxc3 Qd7 23. Qe4 c6 24. Rd1 Kc7 25. Rxd6 Qxd6 26. Be5 Rxg6 27.
Rd1 Qxe5 28. Qxe5+ Kb6 29. Qe3+ 1-0

[Event "60. BEM 2006"]
[Site "Dortmund"]
[Date "2006.03.20"]
[Round "7.10"]
[White "Volmer, Martin"]
[Black "Grube, Jörg"]
[Result "0-1"]
[WhiteElo "1704"]
[BlackElo "1776"]
[PlyCount "60"]
[EventDate "2006.??.??"]
[Source "SG Dortmund"]
[SourceDate "2004.12.16"]

1. d4 Nf6 2. Nf3 g6 3. c4 Bg7 4. Nc3 O-O 5. g3 d6 6. Bg2 Nc6 7. O-O a6 8. a3 a5
9. e4 Nd7 10. Be3 Nb6 11. Qe2 a4 12. Rac1 Bg4 13. Rfd1 Qd7 14. c5 Nc8 15. Qf1
e5 16. d5 Nd4 17. Bxd4 exd4 18. Nb5 Ra5 19. c6 bxc6 20. Rxc6 Ne7 21. Rxc7 Qxb5
22. Qxb5 Rxb5 23. Rxe7 Rxb2 24. h3 Bxf3 25. Bxf3 Rc8 26. Rd7 Be5 27. Bh1 g5 28.
Ra7 Rcc2 29. Rxa4 Rxf2 30. Ra7 Bxg3 0-1

[Event "60. BEM 2006"]
[Site "Dortmund"]
[Date "2006.03.20"]
[Round "7.11"]
[White "Werner, Patrick"]
[Black "Ziperstein, Jakob"]
[Result "1-0"]
[WhiteElo "1691"]
[BlackElo "1838"]
[PlyCount "117"]
[EventDate "2006.??.??"]
[Source "SG Dortmund"]
[SourceDate "2004.12.16"]

1. g3 Nf6 2. Bg2 g6 3. Nf3 Bg7 4. O-O O-O 5. d3 d6 6. h3 e5 7. e4 Nc6 8. c3 h6
9. Re1 Nh7 10. Nbd2 Be6 11. Nf1 Ne7 12. d4 f6 13. Qc2 Ng5 14. Bxg5 fxg5 15.
dxe5 dxe5 16. Rad1 Qe8 17. Ne3 Qc6 18. Rd2 Qa6 19. Nd5 Nxd5 20. exd5 Bxh3 21.
Nxe5 Bf5 22. Qb3 Qd6 23. Nc4 Qc5 24. d6 cxd6 25. Nb6+ Kh8 26. Nxa8 Rxa8 27.
Qxb7 Rf8 28. Re7 Bc8 29. Qxa7 Qxa7 30. Rxa7 Be5 31. Be4 Bf5 32. Bxf5 gxf5 33.
Kg2 Rb8 34. a4 f4 35. a5 Rb5 36. a6 Ra5 37. b4 Ra3 38. Ra8+ Kg7 39. a7 fxg3 40.
fxg3 Bxc3 41. Rc2 Be5 42. Rc7+ Kg6 43. Rg8+ Kh5 44. a8=Q Rxg3+ 45. Kf2 Bf4 46.
Rh7 g4 47. Qe8+ Kh4 48. Qd8+ Kh3 49. Rxh6+ Bxh6 50. Rh8 Rf3+ 51. Ke2 Re3+ 52.
Kd1 Re6 53. Qg5 d5 54. Rxh6+ Rxh6 55. Qxh6+ Kg2 56. b5 g3 57. b6 Kf1 58. Qf4+
Kg2 59. b7 1-0

[Event "60. BEM 2006"]
[Site "Dortmund"]
[Date "2006.03.20"]
[Round "7.12"]
[White "Gielisch, Eckhart"]
[Black "Ziemek, Gerhard"]
[Result "1/2-1/2"]
[WhiteElo "1807"]
[BlackElo "1591"]
[PlyCount "56"]
[EventDate "2006.??.??"]
[Source "SG Dortmund"]
[SourceDate "2004.12.16"]

1. d4 d5 2. c4 e6 3. Nc3 Nf6 4. Bg5 Be7 5. e3 c6 6. Nf3 Qa5 7. Qc2 dxc4 8. Bxc4
b5 9. Bxf6 Bxf6 10. Bb3 O-O 11. O-O Bb7 12. Ne4 Be7 13. Neg5 g6 14. h4 Nd7 15.
Nxe6 Rfc8 16. Nc5 Nxc5 17. dxc5 Qb4 18. h5 Kg7 19. Rac1 Bf6 20. Rfd1 Rd8 21.
Nd4 Bxd4 22. a3 Qxc5 23. Qxc5 Bxc5 24. Rxd8 Rxd8 25. Rxc5 Rd2 26. hxg6 hxg6 27.
Rc2 Rxc2 28. Bxc2 c5 1/2-1/2

[Event "60. BEM 2006"]
[Site "Dortmund"]
[Date "2006.03.20"]
[Round "7.13"]
[White "Jähnicke, Karl-Heinz"]
[Black "Duschek, Günter"]
[Result "1/2-1/2"]
[WhiteElo "1763"]
[BlackElo "1674"]
[PlyCount "112"]
[EventDate "2006.??.??"]
[Source "SG Dortmund"]
[SourceDate "2004.12.16"]

1. d4 d5 2. c4 e5 3. cxd5 exd4 4. Nf3 Bb4+ 5. Bd2 Bxd2+ 6. Qxd2 c5 7. e4 Nf6 8.
Bd3 O-O 9. O-O Re8 10. Re1 Bg4 11. Qf4 Bxf3 12. Qxf3 Nbd7 13. Qd1 Ne5 14. Bb5
Re7 15. Nd2 a6 16. Bf1 Qc7 17. h3 Rae8 18. Rc1 b5 19. Nb3 Ned7 20. Nxd4 Rxe4
21. Rxe4 Rxe4 22. Nc6 Qd6 23. Bd3 Re8 24. Bf5 g6 25. Bxd7 Nxd7 26. Qf3 c4 27.
a3 Nb6 28. Nb4 Na4 29. b3 cxb3 30. Qxb3 Nb6 31. Nxa6 Qxd5 32. Qxd5 Nxd5 33. Rc5
Ra8 34. Nb4 Nxb4 35. axb4 Rb8 36. Kf1 Kf8 37. Ke2 Ke7 38. Ke3 Ke6 39. Kf4 Rb7
40. h4 f6 41. g4 h6 42. Ke4 Rb6 43. f4 Rb7 44. f5+ gxf5+ 45. Rxf5 Rg7 46. Kf4
Rc7 47. Rxb5 Rc4+ 48. Kf3 Rc3+ 49. Kf2 Rc4 50. g5 hxg5 51. hxg5 fxg5 52. Ke3
Kd6 53. Kd3 Rg4 54. Kc3 Kc6 55. Rf5 Kb6 56. Kb3 Rg1 1/2-1/2

[Event "60. BEM 2006"]
[Site "Dortmund"]
[Date "2006.03.20"]
[Round "7.14"]
[White "Raskin, Vitali"]
[Black "Schultz, Bernfried"]
[Result "1-0"]
[WhiteElo "1663"]
[BlackElo "1716"]
[PlyCount "65"]
[EventDate "2006.??.??"]
[Source "SG Dortmund"]
[SourceDate "2004.12.16"]

1. e4 e5 2. Nf3 Nc6 3. Bb5 a6 4. Ba4 Nf6 5. Nc3 d6 6. O-O Bd7 7. d3 Be7 8. Ne2
b5 9. Bb3 Na5 10. Ng3 c5 11. Bd5 Nxd5 12. exd5 O-O 13. b3 Rc8 14. c4 f5 15. Re1
h6 16. h3 Qe8 17. Bb2 Qg6 18. Kh1 f4 19. Ne4 Rf5 20. Rg1 Rh5 21. Nh2 Rf8 22.
Qf3 Nb7 23. g4 fxg3 24. Qxg3 Qf7 25. f4 Rxh3 26. Qg2 Kh7 27. fxe5 dxe5 28. Bxe5
Bf6 29. Raf1 Rxd3 30. Bxf6 gxf6 31. Nxf6+ Kh8 32. Nxd7 Qxf1 33. Qg7# 1-0

[Event "60. BEM 2006"]
[Site "Dortmund"]
[Date "2006.03.20"]
[Round "7.15"]
[White "Gegner, Michael"]
[Black "Hoppe, Dirk"]
[Result "1/2-1/2"]
[WhiteElo "1412"]
[BlackElo "1861"]
[PlyCount "30"]
[EventDate "2006.??.??"]
[Source "SG Dortmund"]
[SourceDate "2004.12.16"]

1. d4 d5 2. e4 e6 3. Nc3 dxe4 4. f3 e3 5. Bxe3 Nf6 6. Bd3 Bd6 7. f4 Nd5 8. Nxd5
exd5 9. Nf3 Bg4 10. h3 Bxf3 11. Qxf3 O-O 12. O-O-O Nc6 13. c3 Ne7 14. f5 f6 15.
g4 Qd7 1/2-1/2